| 000 | 00740cab a2200229 4500 | ||
|---|---|---|---|
| 001 | WB2611-15 | ||
| 008 | 090401t1990 xxu||||| |||| 00| 0 eng d | ||
| 035 | _a(Sirsi) u9696 | ||
| 041 | _aeng | ||
| 245 | _aCouncil tenants on private estates | ||
| 260 | _c1990 | ||
| 350 | _a0 | ||
| 490 |
_aSunday Times _v11/3/90 pE11 (2) |
||
| 520 | _aOwner occupiers claim they would not have bought their homes if they had been advised by the developer that sections of the development were to be sold or leased to councils to house the homeless , are taking legal action. | ||
| 650 | _aCOUNCIL HOUSING | ||
| 650 | _aHOUSING ESTATES | ||
| 650 | _aLAING | ||
| 650 | _aWANDSWORTH LBC | ||
| 690 | _aHOUSING | ||
| 942 | _n0 | ||
| 948 | _c04/03/1997 | ||
| 999 |
_c6089 _d6089 |
||